000 00310nam a22001217a 4500
008 170817b xxu||||| |||| 00| 0 eng d
041 _aeng
080 _a51
100 _a36
101 _aMAT
245 _aBRIEF CALCULUS FOR MANAGEMENT AND THE LIFE AND SOCIAL SCIENCES
_cSTANCI.S
942 _2udc
_cBK
999 _c24010
_d24010